000
00175 a2200097 4500
020
_a
9780307474582
041
_a
spa
100
_a
Anonimo
245
_a
Tu a Dieta
942
_c
BK
999
_c
14522
_d
14522